000 00323nam a2200121Ia 4500
008 180117s9999 xx 000 0 und d
100 _aby Margie Quimpo-Espino
245 _aEDSA from Various Vantage Points
260 _c2017
300 _a22-25 pages, 2017 February 19
440 _aPhilippine Panorama
650 _aEDSA
999 _c353429
_d353429